Statistiques concernant Nourriture & boissons par émojis

Cliquez ici pour prendre le quiz!

Statistiques générales

  • Ce quiz a été pris 8 243 fois
    (3 829 depuis la dernière actualisation)
  • Le résultat moyen est 71 sur 98

Statistiques - réponses

ÉmojiNourriture% Correct
Ananas
99%
Banane
99%
Cerise
98%
Citron
98%
Fraise
98%
Kiwi
97%
Pastèque
97%
Poire
97%
Pomme
97%
Noix de Coco
96%
Orange
96%
Pêche
96%
Tomate
96%
Carotte
94%
Raisin
94%
Avocat
93%
Mangue
93%
Champignon
92%
Maïs
92%
Bleuets
91%
Patate
91%
Frites
90%
Piment
90%
Salade verte
90%
Ail
89%
Brocoli
89%
Pizza
89%
Aubergine
88%
Croissant
88%
Doughnut
87%
Hamburger
87%
Hot dog
86%
Pain baguette
86%
Poivron
86%
Fromage
85%
Œuf
85%
Chocolat
84%
Oignon
84%
Biscuit
83%
Bonbon
83%
Glace
82%
Cantaloup
81%
Concombre
81%
Gâteau
81%
Pain
81%
Taco
81%
Café
80%
Lait
80%
Sucette
80%
Cuisse de {poulet}
78%
Riz
78%
Sushi
78%
Jus
77%
Pancakes
77%
Champagne
76%
Haricots
76%
Vin
76%
Bacon
75%
Bière
74%
Sandwich
74%
Beignet de {crevette}
73%
Gaufre
71%
Miel
71%
Sel
70%
Bretzel
69%
Crème caramel (flan)
69%
Patate douce
69%
Pop-corn
69%
Beurre
68%
Cupcake
68%
Petits pois
68%
Gingembre
67%
Olive
64%
Ramen
64%
Arachide
63%
Thé
63%
Thé aux perles
63%
Boulette de {pâte}
60%
Burrito
59%
Paella
59%
Tarte
57%
Whisky
54%
Fondue
50%
Spaghetti
50%
Cocktail
47%
Châtaigne
44%
Laitue
40%
Kebab
37%
Biscuit {chinois}
35%
Bagel
32%
Falafel
22%
Galette
19%
Croquette de {poisson}
13%
Ragoût
10%
Granité
8%
Maté
8%
Gâteau de {lune}
4%
Tamal
3%

Distribution des résultats

Percentile par nombre de réponses

% des personnes avec chaque résultat

Votre développement - résultats

Vous n’avez pas pris ce quiz depuis la dernière actualisation